000 00466nam a22001577a 4500
005 20251108164707.0
008 250721s9999 xx 000 0 ara d
082 1 4 _a747/كات
100 1 _aكاتبي، هيفاء عربي
245 1 0 _aفن ديكور المنزل /
264 1 _aبيروت :
_bالمكتبة الحديثة للطباعة و النشر،
_c[19-].
300 _a195ص : مص
650 1 7 _aالديكور
942 _2ddc
_cBK
999 _c12016
_d12016